| 000 | 00554nam a2200181Ia 4500 | ||
|---|---|---|---|
| 003 | OSt | ||
| 005 | 20200615152614.0 | ||
| 008 | 190216s9999||||xx |||||||||||||| ||und|| | ||
| 020 | _a8173701024 | ||
| 040 | _coclc | ||
| 082 |
_a305.800954 _bENG/C |
||
| 100 |
_aEngineer, Asghar Ali _91798 _d1939-2013. |
||
| 245 | 0 |
_aCommunal Riots In Post-Independence India / _cAsghar Ali Engineer |
|
| 250 | _a2nd Ed. | ||
| 260 |
_bSangam Books, _c1984. _aHyderbad: |
||
| 300 | _a366p | ||
| 942 |
_cBK _2ddc _h305.800954 _iENG/C _k305.800954 _mENG/C |
||
| 999 |
_c20544 _d20544 |
||